00247nam a2200121Ia 4500100001400000650001200014366000700026654001200033245002400045260002600069082001800095546001200113 aPalani/S  aSignals f20 asignals aSignals and systems bAne Books Indiac2009 a621.2822bPAL aENGLISH